Album omerta Maes tous les sons - Statistiques

Statistiques générales
  • Ce quiz a été pris 44 fois
  • Le résultat moyen est 13 sur 20
Statistiques - réponses
Hint Réponse % Correct
6 Omerta
87%
9 Velar (ft. Koba LaD)
87%
1 Intro
77%
5 Fetty wap
74%
20 Manon
74%
11 B22 (ft. Niska)
72%
2 Frank lucas
69%
8 La pègre (ft. Gazo)
69%
4 Galactic
67%
19 La honda
67%
15 Malembé (ft Gims)
67%
17 Boite à gants (ft. Kayna Samet)
64%
18 La moto
64%
10 Le moine
64%
3 Opaque
64%
13 Criminel (ft. Morad)
62%
14 Arai
59%
16 Haut et bas
56%
7 Quand t'es là
51%
12 Rif
51%
Aucun quiz correspondant
Distribution des résultats
% des personnes avec chaque résultat
Percentile par nombre de réponses
Votre historique - résultats
Vous n’avez pas pris ce quiz